Clique os Estados Brasileiros no Mapa sem Fronteiras - Statistics

Estatísticas Gerais
  • Esse quiz foi jogado 651 vezes
  • A pontuação média é 21 de 27
Respostas no mapa
Respostas codificadas por cores de uma escala verde-vermelha no mapa do quiz de acordo com a % correta abaixo.
 
Estatísticas das Respostas
Resposta % Correto
Mato Grosso
86%
Rio Grande do Sul
85%
Acre
83%
Amazonas
83%
Minas Gerais
83%
Amapá
82%
Bahia
82%
Pará
82%
Paraná
82%
Pernambuco
82%
Espírito Santo
80%
Mato Grosso do Sul
80%
Rio de Janeiro
80%
Rio Grande do Norte
79%
Goiás
78%
Roraima
78%
Santa Catarina
78%
São Paulo
77%
Sergipe
76%
Paraíba
74%
Rondônia
74%
Ceará
71%
Piauí
71%
Maranhão
70%
Alagoas
69%
Distrito Federal
68%
Tocantins
67%
Nenhum quiz correspondente encontrado
Distribuição das Pontuações
Porcentagem de Pessoas com Cada Pontuação
Percentil de Números Respondidos
Sua Pontuação Histórica
Você não jogou esse quiz